ValuEducation / (Record no. 6542)
[ view plain ]
| 000 -LEADER | |
|---|---|
| fixed length control field | 00769nam a22002897a 4500 |
| 003 - CONTROL NUMBER IDENTIFIER | |
| control field | OSt |
| 005 - DATE AND TIME OF LATEST TRANSACTION | |
| control field | 20140310181911.0 |
| 008 - FIXED-LENGTH DATA ELEMENTS--GENERAL INFORMATION | |
| fixed length control field | 130712t xxu||||| |||| 00| 0 eng d |
| 050 ## - LIBRARY OF CONGRESS CALL NUMBER | |
| Classification number | LC 287 |
| Item number | .B813 2004 |
| 082 ## - DEWEY DECIMAL CLASSIFICATION NUMBER | |
| -- | TR 170.20223 |
| Item number | V215 2005 |
| 245 ## - TITLE STATEMENT | |
| Title | ValuEducation / |
| Statement of responsibility, etc | Brahma Kumaris Educational Society. |
| 260 ## - PUBLICATION, DISTRIBUTION, ETC. (IMPRINT) | |
| Date of publication, distribution, etc | c2004. |
| 300 ## - PHYSICAL DESCRIPTION | |
| Extent | 111 p. ; |
| -- | 128 p. ; |
| -- | 92 p. ; |
| -- | 95 p. ; |
| -- | 112 p. ; |
| -- | 96 p. ; |
| -- | 141 p. ; |
| -- | 175 p. ; |
| -- | 112 p. ; |
| -- | 32 p. ; |
| Other physical details | ill. ; |
| Dimensions | 28 cm. |
| 520 ## - SUMMARY, ETC. | |
| Summary, etc | Faculty |
| 541 ## - IMMEDIATE SOURCE OF ACQUISITION NOTE | |
| -- | 1 |
| 541 ## - IMMEDIATE SOURCE OF ACQUISITION NOTE | |
| -- | 1 |
| 541 ## - IMMEDIATE SOURCE OF ACQUISITION NOTE | |
| -- | 1 |
| 541 ## - IMMEDIATE SOURCE OF ACQUISITION NOTE | |
| -- | 1 |
| 541 ## - IMMEDIATE SOURCE OF ACQUISITION NOTE | |
| -- | 1 |
| 541 ## - IMMEDIATE SOURCE OF ACQUISITION NOTE | |
| -- | 1 |
| 541 ## - IMMEDIATE SOURCE OF ACQUISITION NOTE | |
| -- | 1 |
| 541 ## - IMMEDIATE SOURCE OF ACQUISITION NOTE | |
| -- | 1 |
| 541 ## - IMMEDIATE SOURCE OF ACQUISITION NOTE | |
| -- | 1 |
| 541 ## - IMMEDIATE SOURCE OF ACQUISITION NOTE | |
| -- | 1 |
| 562 ## - COPY AND VERSION IDENTIFICATION NOTE | |
| Number of copies | 1 |
| 942 ## - ADDED ENTRY ELEMENTS (KOHA) | |
| Source of classification or shelving scheme | Library of Congress Classification |
| Koha item type | |
| Call number prefix | |
| Withdrawn status | Lost status | Source of classification or shelving scheme | Damaged status | Home library | Current library | Shelving location | Date acquired | Total Checkouts | Full call number | Barcode | Date last seen | Copy number | Price effective from | Koha item type |
|---|---|---|---|---|---|---|---|---|---|---|---|---|---|---|
| Library of Congress Classification | Luxembourg Library | Luxembourg Library | Teachers Reference Section | 07/12/2013 | LC 287 .B813 2004 | 19325 | 08/13/2013 | 1 | 07/12/2013 | Books | ||||
| Library of Congress Classification | Luxembourg Library | Luxembourg Library | Teachers Reference Section | 07/12/2013 | LC 287 .B813 2004 | 19324 | 08/13/2013 | 1 | 07/12/2013 | Books | ||||
| Library of Congress Classification | Luxembourg Library | Luxembourg Library | Teachers Reference Section | 07/12/2013 | LC 287 .B813 2004 | 19323 | 08/13/2013 | 1 | 07/12/2013 | Books | ||||
| Library of Congress Classification | Luxembourg Library | Luxembourg Library | Teachers Reference Section | 07/12/2013 | LC 287 .B813 2004 | 19322 | 08/13/2013 | 1 | 07/12/2013 | Books | ||||
| Library of Congress Classification | Luxembourg Library | Luxembourg Library | Teachers Reference Section | 07/12/2013 | LC 287 .B813 2004 | 19321 | 08/13/2013 | 1 | 07/12/2013 | Books | ||||
| Library of Congress Classification | Luxembourg Library | Luxembourg Library | Teachers Reference Section | 07/12/2013 | LC 287 .B813 2004 | 19320 | 08/13/2013 | 1 | 07/12/2013 | Books | ||||
| Library of Congress Classification | Luxembourg Library | Luxembourg Library | Teachers Reference Section | 07/12/2013 | LC 287 .B813 2004 | 19326 | 08/13/2013 | 1 | 07/12/2013 | Books | ||||
| Library of Congress Classification | Luxembourg Library | Luxembourg Library | Teachers Reference Section | 07/12/2013 | LC 287 .B813 2004 | 19319 | 06/20/2017 | 1 | 07/12/2013 | Books | ||||
| Library of Congress Classification | Luxembourg Library | Luxembourg Library | Teachers Reference Section | 07/12/2013 | LC 287 .B813 2004 | 19318 | 08/13/2013 | 1 | 07/12/2013 | Books | ||||
| Library of Congress Classification | Luxembourg Library | Luxembourg Library | Teachers Reference Section | 07/12/2013 | LC 287 .B813 2004 | 19317 | 08/13/2013 | 1 | 07/12/2013 | Books |